Normal view
MARC view
Entry Topical Term
001 - CONTROL NUMBER
- control field: 168535
003 - CONTROL NUMBER IDENTIFIER
- control field: OSt
005 - DATE AND TIME OF LATEST TRANSACTION
- control field: 20220923225227.0
008 - FIXED-LENGTH DATA ELEMENTS
- fixed length control field: 220923|| aca||aabn | a|a d
040 ## - CATALOGING SOURCE
- Original cataloging agency: OSt
- Transcribing agency: OSt
150 ## - HEADING--TOPICAL TERM
- Topical term or geographic name entry element: ਭਾਰਤੀਯ ਕਾਵਿ Fਾਸਤ੍ਰ
670 ## - SOURCE DATA FOUND
- Source citation: Work cat.: (OSt)376846: ਧਾਲੀਵਾਲ, ਪੇ੍ਰਮ ਪ੍ਰਕਾF ਸਿੰਘ 168534, ਭਾਰਤੀ ਕਾਵਿ Fਾਸਤ੍ਰ, 2010
